=LDR 00000nam 2200000 4500 =001 INLIS000000000051694 =005 20171006101033 =035 ##$$a 0010-1017000133 =007 ta =008 171006###########################0###### =082 ##$$a 341 .591 =084 ##$$a 341 .591 Nus s =100 #$$a Arthur Nussabaum =245 1#$$a Sedjarah Hukum Internasional /$c Arthur Nussabaum =260 ##$$a Bandung :$b Binatjipta,$c 1970 =300 ##$$a 255 hlm ; $c 23 cm =990 ##$$a 1260312603 =990 ##$$a 01201712603